Missing Word: '70s Albums (A-Z) Quiz Stats

 Plays Quiz Updated Oct 8, 2017

Challenge
Share
Tweet
Embed
Score 0/26 Timer 04:00
7 Plays Today
Album Missing Word % Correct
Hotel __________California
96.5%
Dark ____ of the MoonSide
96%
Goodbye ______ Brick RoadYellow
95.8%
Bat Out of ____Hell
94%
What's _____ OnGoing
86.9%
Born to ___Run
85.6%
Led ________ IVZeppelin
83.8%
Sticky _______Fingers
79.8%
All Things ____ PassMust
74.9%
______ CallingLondon
69.1%
Songs in the ___ of Life Key
68.1%
Voulez-____Vous
66.7%
Hunky ____Dory
65%
Album Missing Word % Correct
Off the ____Wall
62.8%
_____ the Gold RushAfter
60.5%
_-StaticX
53.1%
Tubular _____Bells
52.2%
Who's ____Next
50.7%
______ IIQueen
38.6%
Trans-Europe _______Express
36.8%
Blood on the ______Tracks
35.4%
________ LinesParallel
33.9%
__________ d'AmourOutlandos
13.9%
Here Come the Warm ____ Jets
11.4%
_______ PleasuresUnknown
9.8%
_________ StampedIndelibly
3.5%

Today's Daily Dose

Missing Word
Podcasts A-Z

Word Ladder
Rowing

On This Day
January 22nd II

You're not logged in!

Compare scores with friends on all Sporcle quizzes.
OR
Log In

You Might Also Like...

Show Comments

Extras

Top Quizzes Today


Score Distribution

Your Account Isn't Verified!

In order to create a playlist on Sporcle, you need to verify the email address you used during registration. Go to your Sporcle Settings to finish the process.

Report this User

Report this user for behavior that violates our Community Guidelines.

Details: